Score 0/15 Timer 01:00
1 Play Today
% Correct
Dikembe Mutombo
96.8%
Bismack Biyombo
95.1%
Hakeem Olajuwon
95.1%
Manute Bol
92.6%
Luc Mbah a Moute
89.6%
Gorgui Dieng
86%
Serge Ibaka
84.3%
DeSagana Diop
84.1%
% Correct
Joel Embiid
83.1%
Michael Olowokandi
80.1%
Luol Deng
78%
Festus Ezeli
77.5%
Emmanuel Mudiay
76.6%
Alaa Abdelnaby
71.2%
Steve Nash
39.4%

Today's Daily Dose

Remove Ads.
Support Sporcle.
Get the best of Sporcle when you Go Orange. This ad-free experience offers more features, more stats, and more fun while also helping to support Sporcle. Thank you for becoming a member.

You're not logged in!

Compare scores with friends on all Sporcle quizzes.
OR
Log In

Show Comments

Extras

Top Quizzes Today


Score Distribution

Your Account Isn't Verified!

In order to create a playlist on Sporcle, you need to verify the email address you used during registration. Go to your Sporcle Settings to finish the process.

Report this User

Report this user for behavior that violates our Community Guidelines.

Details: